000 01012nam a2200289 i 4500
001 991061426313106706
003 ES-BaIT
005 20250722123323.0
008 250704s2025 sp ao 000 0 spa|c
017 _aDL M 25377-2024
_bOficina DL de Madrid
020 _a9788410708228
040 _aES-BaIT
_bcat
_erda
_cES-BaIT
080 _a793.74
100 1 _aBosch Fernández, Martha
_eautor
_9166767
245 1 0 _aEnseñanza y práctica del ballet clásico :
_bun análisis metodológico /
_cMartha Bosch Fernández, Patricia Bonnin-Arias
264 1 _aMadrid :
_bUniversidad Rey Juan Carlos :
_bDykinson S. L.,
_cDL 2024
300 _a180 pàgines :
_bil·lustracions ;
_c24 cm
336 _atext
_btxt
_2rdacontent
337 _asense mediació
_bn
_2rdamedia
338 _avolum
_bnc
_2rdacarrier
504 _aBibliogràfia: pàgina [181]
650 4 _aDansa clàssica
_xEnsenyament
_956590
700 1 _aBonnin-Arias, Patricia
_eautor
_9166768
908 _aCDMAE
940 _aCVA7
942 _2udc
_c1
999 _c136432
_d136432